| 000 | 00663cam a22002173a 4500 | ||
|---|---|---|---|
| 001 | 33670 | ||
| 003 | PGUSA | ||
| 005 | 20140828083728.0 | ||
| 008 | 100908s2010||||xxu|||||s|||||000 | eng d | ||
| 040 |
_aPGUSA _beng |
||
| 042 | _adc | ||
| 100 | 1 |
_aGoethe, Johann Wolfgang von, _d1749-1832 |
|
| 245 | 1 | 0 |
_aMaxims and Reflections _h[electronic resource] / _cJohann Wolfgang von Goethe |
| 260 |
_bProject Gutenberg, _c2010 |
||
| 506 | _aPublic domain in the USA. | ||
| 516 | _aElectronic text | ||
| 700 | 1 |
_aSaunders, T. Bailey _q(Thomas Bailey), _d1860-1928 |
|
| 830 | 0 |
_aProject Gutenberg _v33670 |
|
| 856 | 4 | 0 | _uhttp://www.gutenberg.org/ebooks/33670 |
| 942 | _cEB | ||
| 999 |
_c262925 _d262925 |
||